000 00725cad a22002055a 4500
001 L157508
008 130107s2010 xxk f 000 0 eng d
035 _a(Sirsi) u157508
041 0 _aeng
110 2 _aRoyal Institution of Chartered Surveyors
_94900
245 0 0 _aAnnual Review 2009-2010
_badvancing standards and professionalism in land, property and construction
_h[electronic resource]
260 _aLondon
_bRICS
_c2010
490 0 _aRICS Annual Report
520 _aSets out RICS's strategic global agenda and provides a snapshot of recent achievements.
590 _aKA
650 2 4 _aRICS ANNUAL REVIEW AND FINANCIAL STATEMENTS
651 4 _aInternational
690 _aBusiness and management
942 _n0
999 _c114809
_d114809